| 000 | 01746nam0a2200433 4500 | ||
|---|---|---|---|
| 001 | RU\NLR\bibl\1712312 | ||
| 005 | 20260406164216.0 | ||
| 010 |
_a978-5-94244-033-6 _93000 |
||
| 021 |
_aRU _b2010-89838 _96034 |
||
| 035 | _a(nilc)RSL-KNO-004829495 | ||
| 035 | _a(NLR Aleph) 001703340 | ||
| 090 |
_a1234395 _c1234395 |
||
| 100 | _a20101122d2010 |||y0rusy50 ca | ||
| 101 | 1 |
_arus _ceng |
|
| 102 | _aRU | ||
| 105 | _ay ||||||||| | ||
| 200 | 1 |
_aWinnie Пух _aДом в медвежьем углу _fпер. с англ. Т. А. Михайловой и В. П. Руднева _gаналитические ст. и коммент. В. П. Руднева |
|
| 205 | _a4-е изд., испр., доп. и перераб. | ||
| 210 |
_aМосква _cГнозис _d2010 |
||
| 215 |
_a285, [1] с., [1] л. портр. _d21 |
||
| 300 | _aЗагл. обл.: Винни Пух и философия обыденного языка | ||
| 300 | _aНа обл. авт. не указан | ||
| 320 | _aБиблиогр.: с. 280-284 | ||
| 320 | _aДр. работы переводчика а тексте аннот. | ||
| 512 | 1 | _aВинни Пух и философия обыденного языка | |
| 686 |
_aШ9(2)1-4Милн А.А. _2rubbk |
||
| 686 |
_aЮ251.518.3,0 _2rubbk |
||
| 686 | _aШ5(4Вл)6-4Милн33 | ||
| 686 | _aШ9(4Вл)1-4Милн | ||
| 686 | _aШ9(4Вл)62-4 | ||
| 700 | 1 |
_4070 _7ca _8rus _aМилн _bА. А. _f1882-1956 _gАлан Александер _9120363 _3RU\NLR\auth\7710595 |
|
| 801 | 0 |
_aRU _bRuMoRKP _c20101122 _grcr |
|
| 801 | 1 |
_aRU _bRuMoRGB _c20101122 |
|
| 801 | 2 |
_aRU _bNLR _c20101210 _grcr |
|
| 942 | _cBOOK | ||
| 980 | _aNB | ||